000 00288nam a22001337a 4500
008 180924b xxu||||| |||| 00| 0 eng d
020 _a9780072825954
041 _aeng
080 _a316
100 _a51
101 _aSOC
245 _aHuman Development
_cVamder.W.J
942 _2udc
_cBK
999 _c48344
_d48344